000 00644nam a22002177a 4500
005 20260530165008.0
008 260530b |||||||| |||| 00| 0 eng d
020 _a9783110789416
_c3201.65
040 _aMAIN
041 _aGerman
082 _a809.933
_bBER
100 _aKlengel, Susanne (ed)
_926974
245 _aBerlin International
_b: Literaturszenen in der geteilten Stadt (1970–1989)
260 _aBerlin
_bDe Gruyter
_c2023
300 _a321
650 _aGerman Language
700 _aTamm, Jutta Müller (ed)
_926975
700 _aRegeler, Lukas Nils (ed)
_926976
700 _aSchneider, Ulrike (ed)
_926977
942 _cBK
999 _c60947
_d60947